00522nam a22001337a 4500008004100000020001500041050002700056100002500083245005900108260006000167300002600227500010000253650003500353170113b xxu||||| |||| 00| 0 eng d a0764316214 aNK 1390 b .M56 2002 . aEdited by Smith Tobi aModern design :bThe fabulous 50scTobi Smith , Editor a4880 Lower Valley rood :bSchiffer publishing ,c2002 . a254P :bill ;c22cm . a Includes Bibliographical references  aDesign xHistoryy20th century